Riziko a krízová komunikácia

Riziko ako súčasť trhových vzťahov súvisiace s procesom rozhodovania a s procesom komunikácie. Faktory ovplyvňujúce proces komunikácie v rizikových situáciách. Osobnostné schopnosti (zručnosti) manažérov ako subjektívny faktor ovplyvňujúci komunikačný proces. Subjektívne faktory, ktoré súvisia s mi...

Descrizione completa

Salvato in:
Dettagli Bibliografici
Autore principale: Gertler, Ľubomíra, 1977-
Natura: Capitolo di libro
Lingua:slovacco
Soggetti:
Tags: Aggiungi Tag
Nessun Tag, puoi essere il primo ad aggiungerne!!

MARC

LEADER 00000naa$a2200000$$$4500
001 0087271
005 20240502071959.7
041 0 |a slo 
044 |a SK 
245 1 0 |a Riziko a krízová komunikácia  |c Ľubomíra Gertler 
520 |a Riziko ako súčasť trhových vzťahov súvisiace s procesom rozhodovania a s procesom komunikácie. Faktory ovplyvňujúce proces komunikácie v rizikových situáciách. Osobnostné schopnosti (zručnosti) manažérov ako subjektívny faktor ovplyvňujúci komunikačný proces. Subjektívne faktory, ktoré súvisia s mikrovzťahmi v podniku a ktorých nositeľmi sú manažéri a zamestnanci. 
610 2 0 |a komunikácia 
610 2 0 |a manažéri 
610 2 0 |a zamestnanci 
610 2 0 |a kríza 
610 2 0 |a riziko 
610 2 0 |a plán 
610 2 0 |a riadenie 
100 1 |a Gertler, Ľubomíra, 1977-